Advances in welding technologies for process development /

Enregistré dans:
Détails bibliographiques
Auteurs principaux: Vora, J. Jaykumar (Auteur), Badheka, J. Vishvesh (Auteur)
Format: Livre
Langue:anglais
Publié: Boca Raton (USA) , CRC Press 2020
Sujets:
Tags: Ajouter un tag
Pas de tags, Soyez le premier à ajouter un tag!

MARC

LEADER 00000nam a22000003a 4500
001 0107106
003 SK-STU
005 20231218141226.4
007 ta
008 231218s ----xo-----e------000-0-----d
020 |a 978-0-367-65651-5 
040 |a STU  |b slo 
041 0 |a eng 
044 |a xxu 
100 1 |a Vora, J. Jaykumar  |4 aut 
245 1 0 |a Advances in welding technologies for process development /  |c aut. J. Jaykumar Vora, J. Vishvesh Badheka 
260 |a Boca Raton (USA) ,  |b CRC Press  |c 2020 
300 |a 289 s. 
650 0 7 |a zváranie 
650 0 7 |a viacdrôtové zváranie 
700 1 |a Badheka, J. Vishvesh  |4 aut 
996 |b 284M089462  |c M* 14814-1  |l MMST  |s A  |a 24  |w 0107106_0001